[Event "SG Porz 2 - PSV Duisburg 1"]
[Site "Oberliga NRW 2012/2013"]
[Date "2012.09.16"]
[Round "1.3"]
[White "Kistella, Roman"]
[Black "Kipper, Jens"]
[Result "0-1"]
[WhiteElo "2253"]
[BlackElo "2326"]
[PlyCount "110"]
[EventDate "2012.??.??"]
[WhiteTeam "PSV Duisburg 1"]
[BlackTeam "SG Porz 2"]

1. d4 e6 2. Nf3 Nf6 3. c4 d5 4. Nc3 Bb4 5. e3 O-O 6. Bd3 c5 7. O-O Nc6 8. a3
Bxc3 9. bxc3 Qc7 10. Qc2 Na5 11. Ne5 b6 12. cxd5 exd5 13. Bb2 Re8 14. Rae1 c4
15. Bf5 Rxe5 16. dxe5 Qxe5 17. Bxc8 Rxc8 18. f3 Nb3 19. Bc1 Nc5 20. Bd2 Re8 21.
Rb1 Nfd7 22. a4 Nb3 23. Rxb3 cxb3 24. Qxb3 Rc8 25. Qb5 Qd6 26. Rd1 h6 27. Be1
Nf6 28. Qd3 Qe5 29. Qd4 Qe6 30. a5 Rc4 31. Qd3 b5 32. Rb1 Qa6 33. Ra1 Qc6 34.
Rb1 a6 35. Rb4 Qc7 36. Rxc4 bxc4 37. Qf5 Qxa5 38. Qc8+ Kh7 39. Qf5+ Kh8 40.
Qc8+ Kh7 41. Qf5+ Kh8 42. Qc8+ Ng8 43. e4 Qb6+ 44. Kf1 Qe6 45. Qxe6 fxe6 46.
exd5 exd5 47. Ke2 Ne7 48. Bg3 Kg8 49. Bc7 Kf7 50. Kd2 Nc6 51. Bd6 d4 52. Bc5 d3
53. Bb6 a5 54. Bc5 a4 55. Ba3 Na7 0-1

[Event "SG Porz 2 - PSV Duisburg 1"]
[Site "Oberliga NRW 2012/2013"]
[Date "2012.09.16"]
[Round "1.4"]
[White "Malykin, Vitaly"]
[Black "Schmitz, Joachim"]
[Result "1/2-1/2"]
[WhiteElo "2340"]
[BlackElo "2234"]
[PlyCount "32"]
[EventDate "2012.??.??"]
[WhiteTeam "SG Porz 2"]
[BlackTeam "PSV Duisburg 1"]

1. Nf3 c5 2. c4 g6 3. e4 Nc6 4. d4 cxd4 5. Nxd4 Nf6 6. Nc3 d6 7. Nc2 Bg7 8. Be2
Nd7 9. Bd2 O-O 10. b4 Nb6 11. Rc1 e6 12. O-O d5 13. exd5 exd5 14. Nxd5 Nxd5 15.
cxd5 Qxd5 16. Ne3 Qd8 1/2-1/2

[Event "SG Porz 2 - PSV Duisburg 1"]
[Site "Oberliga NRW 2012/2013"]
[Date "2012.09.16"]
[Round "1.5"]
[White "Schiffer, Kai-Uwe"]
[Black "Gallinnis, Norbert"]
[Result "1-0"]
[WhiteElo "2251"]
[BlackElo "2278"]
[PlyCount "117"]
[EventDate "2012.??.??"]
[WhiteTeam "PSV Duisburg 1"]
[BlackTeam "SG Porz 2"]

1. e4 c5 2. Nf3 d6 3. d4 cxd4 4. Nxd4 Nf6 5. Nc3 a6 6. f3 e6 7. Be3 b5 8. g4
Nfd7 9. Qd2 Nb6 10. Bd3 N8d7 11. O-O-O Ne5 12. Qe2 Qc7 13. Qe1 Bb7 14. Kb1 Be7
15. g5 b4 16. Nce2 d5 17. Ng3 Nec4 18. Bc1 g6 19. f4 dxe4 20. Bxe4 Nd5 21. f5
e5 22. Nb3 O-O-O 23. Rf1 Bc5 24. Nxc5 Qxc5 25. Rf3 Nd6 26. Rfd3 Nf4 27. Bxb7+
Nxb7 28. Rxd8+ Rxd8 29. Rxd8+ Nxd8 30. Be3 Qb5 31. Qd2 Nd5 32. fxg6 hxg6 33.
Qf2 Qc4 34. Bd2 a5 35. b3 Qc6 36. Kb2 Nc3 37. Qe1 a4 38. Qxe5 a3+ 39. Ka1 Nd5
40. Kb1 Qc5 41. Ne2 Ne6 42. h4 Nec7 43. Qd4 Qb5 44. Qc4 Qe8 45. Nf4 Qe5 46. Nd3
Qe2 47. Bxb4 Qf1+ 48. Be1 Ne3 49. Qc3 Ng2 50. Qd2 Nxh4 51. Qc1 Nf3 52. Bb4 Qg2
53. Qxa3 Qxg5 54. Qa7 Qd5 55. a4 g5 56. Ba5 Ne8 57. Nc5 g4 58. Qa6+ Kb8 59.
Qb5+ 1-0

[Event "SG Porz 2 - PSV Duisburg 1"]
[Site "Oberliga NRW 2012/2013"]
[Date "2012.09.16"]
[Round "1.6"]
[White "Peschlow, Patrick"]
[Black "Heisel, Guido"]
[Result "1-0"]
[WhiteElo "2280"]
[BlackElo "2165"]
[PlyCount "57"]
[EventDate "2012.??.??"]
[WhiteTeam "SG Porz 2"]
[BlackTeam "PSV Duisburg 1"]

1. e4 g6 2. d4 Bg7 3. Nc3 c5 4. Nf3 Qa5 5. Be3 Nf6 6. Qd2 cxd4 7. Nxd4 Nc6 8.
f3 d6 9. O-O-O Bd7 10. Kb1 Rc8 11. g4 h5 12. g5 Nh7 13. h4 Nf8 14. f4 Ne6 15.
Nb3 Bxc3 16. bxc3 Qa4 17. f5 Nc7 18. Nc5 Qa3 19. Nxd7 Kxd7 20. fxg6 fxg6 21.
Bh3+ Kd8 22. Bd4 Nb5 23. Bxh8 e5 24. Ka1 Ncd4 25. cxd4 Nc3 26. Be6 Kc7 27. Rh3
Kb8 28. Rxc3 Rxc3 29. dxe5 1-0

[Event "SG Porz 2 - PSV Duisburg 1"]
[Site "Oberliga NRW 2012/2013"]
[Date "2012.09.16"]
[Round "1.8"]
[White "Kremser, Michael"]
[Black "Brueggemann, Josef"]
[Result "1-0"]
[WhiteElo "2116"]
[BlackElo "1915"]
[PlyCount "53"]
[EventDate "2012.??.??"]
[WhiteTeam "SG Porz 2"]
[BlackTeam "PSV Duisburg 1"]

1. d4 d5 2. c4 dxc4 3. Nf3 Nf6 4. Nc3 c6 5. a4 e6 6. e3 Bb4 7. Bxc4 O-O 8. O-O
Nbd7 9. Qc2 Qa5 10. Na2 Bd6 11. b4 Qh5 12. Rd1 e5 13. dxe5 Bxe5 14. Nxe5 Nxe5
15. Be2 Qh4 16. Rd4 Qh6 17. Bb2 Be6 18. Nc3 Neg4 19. Bxg4 Nxg4 20. h3 Nf6 21.
Rad1 Qg5 22. Kh1 a5 23. b5 Nd5 24. Ne4 Qg6 25. bxc6 bxc6 26. Qxc6 Nb4 27. Qxa8
1-0

[Event "Klub Kölner SF 1 - SC Hansa Dortmund 2"]
[Site "Oberliga NRW 2012/2013"]
[Date "2012.09.16"]
[Round "1.1"]
[White "Ackermann, Hans Werner"]
[Black "Tugui, Adrian"]
[Result "0-1"]
[WhiteElo "2230"]
[BlackElo "2360"]
[PlyCount "112"]
[EventDate "2012.??.??"]
[WhiteTeam "SC Hansa Dortmund 2"]
[BlackTeam "Klub Kölner SF 1"]

1. e4 c5 2. Nf3 a6 3. Nc3 d6 4. a4 Nc6 5. Bc4 Nf6 6. h3 e6 7. Qe2 Be7 8. e5
dxe5 9. Nxe5 Nd4 10. Qd1 Qc7 11. Nf3 Bd7 12. O-O Bc6 13. Ne1 g5 14. d3 Rg8 15.
Ne4 Nxe4 16. dxe4 Bxe4 17. c3 Nf5 18. Qe2 Bc6 19. Bd3 O-O-O 20. Be4 Qe5 21. Bf3
Qxe2 22. Bxe2 Nh4 23. g3 Bd6 24. Bh5 Rd7 25. Be3 Nf5 26. Bc1 Bd5 27. Kh2 Nh4
28. b4 cxb4 29. cxb4 Nf5 30. Ba3 Nd4 31. Rd1 Nc6 32. Rb1 a5 33. Nc2 axb4 34.
Nxb4 Nxb4 35. Bxb4 Bxb4 36. Rxb4 Rc7 37. Rb2 h6 38. a5 f5 39. Re1 Rd8 40. Be2
Rd6 41. Bf1 Rc5 42. Ra1 f4 43. gxf4 gxf4 44. Rd2 Rdc6 45. a6 Rc1 46. axb7+ Kxb7
47. Rd1 Rxd1 48. Rxd1 Rc2 49. Kg1 Kc6 50. Bg2 f3 51. Bf1 Kc5 52. Bd3 Rb2 53.
Bg6 e5 54. Rc1+ Kd6 55. Rc2 Rb8 56. Kf1 Rb1+ 0-1

[Event "Klub Kölner SF 1 - SC Hansa Dortmund 2"]
[Site "Oberliga NRW 2012/2013"]
[Date "2012.09.16"]
[Round "1.2"]
[White "Morawietz, Dieter"]
[Black "Karger, Frank"]
[Result "1-0"]
[WhiteElo "2342"]
[BlackElo "2245"]
[PlyCount "85"]
[EventDate "2012.??.??"]
[WhiteTeam "Klub Kölner SF 1"]
[BlackTeam "SC Hansa Dortmund 2"]

1. e4 c5 2. Nf3 e6 3. d3 Nc6 4. g3 d5 5. Qe2 Nf6 6. Bg2 Be7 7. O-O b6 8. e5 Nd7
9. c4 d4 10. Na3 Bb7 11. h4 h6 12. Re1 a6 13. h5 Qc7 14. Nc2 O-O-O 15. a3 Rdg8
16. b4 g5 17. b5 axb5 18. cxb5 Na5 19. Rb1 Bd5 20. Nh2 Qb7 21. Bxd5 Qxd5 22.
Ng4 Nb3 23. a4 Kb7 24. Na3 Ra8 25. Nc4 Nxc1 26. Rbxc1 Rxa4 27. Ra1 Rxa1 28.
Rxa1 Kb8 29. Ra6 Bd8 30. Nd6 Bc7 31. Nxf7 Rh7 32. Ngxh6 Rxh6 33. Nxh6 Nxe5 34.
Ng4 Nf3+ 35. Kf1 Qf5 36. Kg2 Ne1+ 37. Qxe1 Qxg4 38. h6 Qf5 39. Qe4 Qxe4+ 40.
dxe4 d3 41. Kf3 c4 42. h7 Be5 43. Rxb6+ 1-0

[Event "Klub Kölner SF 1 - SC Hansa Dortmund 2"]
[Site "Oberliga NRW 2012/2013"]
[Date "2012.09.16"]
[Round "1.4"]
[White "Helbig, Mark"]
[Black "Sundorf, Jannik"]
[Result "1/2-1/2"]
[WhiteElo "2281"]
[BlackElo "2165"]
[PlyCount "90"]
[EventDate "2012.??.??"]
[WhiteTeam "Klub Kölner SF 1"]
[BlackTeam "SC Hansa Dortmund 2"]

1. d4 Nf6 2. c4 e6 3. Nf3 d5 4. Bg5 Bb4+ 5. Nc3 Nbd7 6. e3 c5 7. cxd5 exd5 8.
Bd3 Qa5 9. Qc2 c4 10. Bf5 O-O 11. O-O Re8 12. Nd2 g6 13. Bh3 Bxc3 14. bxc3 Ne4
15. Nxe4 dxe4 16. Bxd7 Bxd7 17. Bf4 Re6 18. Rab1 Bc6 19. Rb4 Qd5 20. Rfb1 b5
21. a4 a6 22. Qa2 Re7 23. Qa3 Rd7 24. Be5 Rf8 25. axb5 axb5 26. Qa5 f6 27. Bc7
Rc8 28. Bf4 Ra8 29. Qb6 Ra3 30. h4 Rb7 31. Qxb7 Bxb7 32. Rxb5 Rxc3 33. Rxd5
Bxd5 34. Rb5 Bc6 35. Rc5 Ba4 36. Ra5 Rc1+ 37. Kh2 Be8 38. f3 c3 39. Ra8 Kf7 40.
Ra7+ Kg8 41. Bh6 c2 42. Rg7+ Kf8 43. Rc7+ Kg8 44. Rg7+ Kf8 45. Rc7+ Kg8 1/2-1/2

[Event "Klub Kölner SF 1 - SC Hansa Dortmund 2"]
[Site "Oberliga NRW 2012/2013"]
[Date "2012.09.16"]
[Round "1.5"]
[White "Rempel, Eugen"]
[Black "Raasch, Joerg"]
[Result "1-0"]
[WhiteElo "2115"]
[BlackElo "2238"]
[PlyCount "147"]
[EventDate "2012.??.??"]
[WhiteTeam "SC Hansa Dortmund 2"]
[BlackTeam "Klub Kölner SF 1"]

1. e4 e6 2. d4 d5 3. Nd2 Nf6 4. e5 Nfd7 5. Bd3 c5 6. c3 b6 7. Ne2 Ba6 8. Nf3
Be7 9. O-O Bxd3 10. Qxd3 Nc6 11. Nf4 c4 12. Qc2 g6 13. b3 Na5 14. h4 Qc7 15.
Ng5 Bxg5 16. hxg5 O-O-O 17. Nh3 Rde8 18. Re1 Nb8 19. Re3 Nbc6 20. Rf3 cxb3 21.
Qe2 bxa2 22. Qxa2 Kb8 23. Nf4 Nc4 24. Nd3 Rc8 25. Ba3 h6 26. Bc1 hxg5 27. Bxg5
Rcg8 28. Nf4 Rh7 29. Nh3 Rh5 30. Bf6 a5 31. Rb1 Ka7 32. Ng5 Rb8 33. g4 Rxg5 34.
Bxg5 b5 35. Kg2 b4 36. cxb4 Nxb4 37. Qa4 Ka6 38. Rh1 Nb6 39. Qb3 Rb7 40. Rh7
Kb5 41. Rfxf7 Qxf7 42. Rxf7 Rxf7 43. Qb1 Rg7 44. Bd2 Nc4 45. Bc3 Nb6 46. Qf1+
Nc4 47. Qh1 Nd3 48. Qb1+ Nb4 49. f4 Nb6 50. Qf1+ Nc4 51. Kg3 Ka4 52. Qd1+ Ka3
53. Kh4 Na2 54. Ba1 a4 55. Kg5 Rg8 56. Qd3+ Kb4 57. Qc2 Ka3 58. Kh6 Rh8+ 59.
Kxg6 Rh1 60. Bc3 Rc1 61. Bb4+ Kxb4 62. Qxa2 Rg1 63. Kh5 a3 64. f5 exf5 65. gxf5
Kc3 66. f6 Rh1+ 67. Kg5 Kxd4 68. Qf2+ Kxe5 69. f7 Nd6 70. Qf6+ Ke4 71. f8=Q
Rg1+ 72. Kh4 a2 73. Qf3+ Kd4 74. Qf2+ 1-0

[Event "Klub Kölner SF 1 - SC Hansa Dortmund 2"]
[Site "Oberliga NRW 2012/2013"]
[Date "2012.09.16"]
[Round "1.6"]
[White "Huhndorf, Arnold"]
[Black "Schiefelbusch, Dirk"]
[Result "0-1"]
[WhiteElo "2257"]
[BlackElo "2061"]
[PlyCount "106"]
[EventDate "2012.??.??"]
[WhiteTeam "Klub Kölner SF 1"]
[BlackTeam "SC Hansa Dortmund 2"]

1. c4 c6 2. g3 d5 3. Nf3 Nf6 4. Bg2 Bg4 5. O-O e6 6. Qa4 Nbd7 7. cxd5 exd5 8.
Nc3 Bd6 9. d3 O-O 10. b4 b5 11. Qb3 a5 12. Nd4 Ra6 13. bxa5 Qxa5 14. Bd2 b4 15.
Nd1 c5 16. Nf3 Nb6 17. Ne3 Bxf3 18. Bxf3 Be5 19. Nf5 Bxa1 20. Rxa1 Qa3 21. Qd1
b3 22. Bc3 b2 23. Bxf6 bxa1=Q 24. Qxa1 d4 25. Qf1 gxf6 26. Be4 Re8 27. f4 Rxe4
28. dxe4 Kf8 29. Qh3 Qc1+ 30. Kf2 Rxa2 31. Qxh7 Rxe2+ 32. Kxe2 Qc2+ 33. Kf1
Qd3+ 34. Kg2 Ke8 35. Qg8+ Kd7 36. Qxf7+ Kc6 37. Qxf6+ Kb5 38. Kh3 Nc4 39. e5
Ne3 40. Nxe3 dxe3 41. e6 Qf1+ 42. Kh4 e2 43. Kg5 e1=Q 44. Qb2+ Kc6 45. Qf6 Qfe2
46. f5 Qe5 47. Qf8 Q1e3+ 48. Kg6 Q3e4 49. Qe8+ Kb6 50. Qd8+ Kb5 51. Qd7+ Kb4
52. Qd2+ Kc4 53. Qg5 Qxe6+ 0-1

[Event "Klub Kölner SF 1 - SC Hansa Dortmund 2"]
[Site "Oberliga NRW 2012/2013"]
[Date "2012.09.16"]
[Round "1.7"]
[White "Linker, Walter"]
[Black "Bonnmann, Reinhard"]
[Result "1-0"]
[WhiteElo "2026"]
[BlackElo "2210"]
[PlyCount "70"]
[EventDate "2012.??.??"]
[WhiteTeam "SC Hansa Dortmund 2"]
[BlackTeam "Klub Kölner SF 1"]

1. b3 g6 2. Bb2 Nf6 3. e4 d6 4. g3 Bg7 5. Bg2 c5 6. Ne2 Nc6 7. O-O O-O 8. c4 e5
9. Nbc3 a6 10. d3 Rb8 11. h3 b5 12. f4 bxc4 13. dxc4 Nd4 14. Kh2 Re8 15. fxe5
Rxe5 16. Nxd4 cxd4 17. Nd5 Nxd5 18. exd5 h5 19. Bxd4 h4 20. g4 f5 21. Qf3 Rb7
22. Bxe5 Bxe5+ 23. Kh1 Bxa1 24. Rxa1 Re7 25. Rg1 Re5 26. Qf4 Qe7 27. g5 Re1 28.
Qxh4 Rxg1+ 29. Kxg1 Qe3+ 30. Qf2 Qc1+ 31. Kh2 Qxg5 32. c5 dxc5 33. Qxc5 Qf4+
34. Kh1 Bd7 35. d6 Kh7 1-0

[Event "Klub Kölner SF 1 - SC Hansa Dortmund 2"]
[Site "Oberliga NRW 2012/2013"]
[Date "2012.09.16"]
[Round "1.8"]
[White "Wisskirchen, Andreas"]
[Black "Seitz, Simon"]
[Result "1-0"]
[WhiteElo "2205"]
[BlackElo "1961"]
[PlyCount "75"]
[EventDate "2012.??.??"]
[WhiteTeam "Klub Kölner SF 1"]
[BlackTeam "SC Hansa Dortmund 2"]

1. d4 Nf6 2. Nf3 e6 3. c4 c5 4. e3 cxd4 5. exd4 d5 6. Nc3 Nc6 7. Bg5 Be7 8. Be2
O-O 9. O-O dxc4 10. Bxc4 Nd5 11. Bxd5 exd5 12. Bxe7 Nxe7 13. Qb3 f6 14. h3 b6
15. Rfe1 Bb7 16. Rac1 Rf7 17. Re6 Qd7 18. Rce1 Rd8 19. Nb5 Nc8 20. Nh4 g6 21.
a4 Bc6 22. Nc3 Kg7 23. Nb5 Qb7 24. Qg3 Bxb5 25. axb5 Qd7 26. Nf5+ Kh8 27. Nh6
Rff8 28. Qf4 f5 29. Re7 Qd6 30. Qxd6 Nxd6 31. Rxa7 Nxb5 32. Rb7 Nd6 33. Rbe7
Rf6 34. h4 Rdf8 35. Rd7 Nc8 36. Rc1 Rd6 37. Nf7+ Rxf7 38. Rxc8+ 1-0

[Event "SV Mülheim-Nord 2 - Klub Kölner SF 1"]
[Site "Oberliga NRW 2012/2013"]
[Date "2012.10.21"]
[Round "2.1"]
[White "Morawietz, Dieter"]
[Black "Rezasade, Amir"]
[Result "1-0"]
[WhiteElo "2342"]
[BlackElo "2302"]
[PlyCount "109"]
[EventDate "2012.??.??"]
[WhiteTeam "Klub Kölner SF 1"]
[BlackTeam "SV Mülheim-Nord 2"]

1. e4 c5 2. Nf3 d6 3. d4 cxd4 4. Nxd4 Nf6 5. Nc3 a6 6. Bc4 e6 7. Bb3 b5 8. O-O
Be7 9. Qf3 Qb6 10. Be3 Qb7 11. Qg3 b4 12. Na4 Nbd7 13. f3 O-O 14. Rac1 Rb8 15.
c3 bxc3 16. Rxc3 Ne5 17. Ne2 Bd7 18. Nc5 Nxf3+ 19. gxf3 dxc5 20. Bxc5 Bxc5+ 21.
Rxc5 Bb5 22. Rf2 Bxe2 23. Rxe2 Nd7 24. Rc3 Qb4 25. Rd2 Qb6+ 26. Qf2 Qb5 27. Qd4
Ne5 28. Kg2 Qa5 29. Rc5 Rb5 30. Rxb5 Qxb5 31. Qe3 Ng6 32. f4 e5 33. f5 Nf4+ 34.
Kf2 Qc6 35. Rd1 Qh6 36. Qg3 Qb6+ 37. Qe3 Qh6 38. Qg3 Qh5 39. Rd2 Nh3+ 40. Kg2
Nf4+ 41. Kf2 Qh6 42. Bxf7+ Kh8 43. Bb3 Qc6 44. Qe3 Qh6 45. Kf1 Rc8 46. Qc3 Rf8
47. Ke1 Qh5 48. Bc4 a5 49. Bf1 a4 50. Qxe5 Qf3 51. Qd4 Re8 52. e5 h5 53. Rf2
Qd5 54. Rxf4 Rxe5+ 55. Kf2 1-0

[Event "SV Mülheim-Nord 2 - Klub Kölner SF 1"]
[Site "Oberliga NRW 2012/2013"]
[Date "2012.10.21"]
[Round "2.2"]
[White "Hausrath, Daniel"]
[Black "Helbig, Mark"]
[Result "1-0"]
[WhiteElo "2451"]
[BlackElo "2281"]
[PlyCount "75"]
[EventDate "2012.??.??"]
[WhiteTeam "SV Mülheim-Nord 2"]
[BlackTeam "Klub Kölner SF 1"]

1. Nf3 Nf6 2. g3 b6 3. Bg2 Bb7 4. O-O e6 5. c4 Be7 6. d4 O-O 7. Re1 d5 8. cxd5
exd5 9. Nc3 Nbd7 10. Bf4 Nh5 11. Bd2 Nhf6 12. Rc1 c5 13. dxc5 bxc5 14. Nh4 Nb6
15. Nf5 Qd7 16. e4 d4 17. Nxe7+ Qxe7 18. Nd5 Nbxd5 19. exd5 Qd6 20. Bf4 Qb6 21.
b4 cxb4 22. Bc7 Qa6 23. Qxd4 Rfe8 24. Be5 Qb6 25. Bxf6 gxf6 26. Qg4+ Kf8 27.
Qf5 Rxe1+ 28. Rxe1 Re8 29. Rxe8+ Kxe8 30. Qe4+ Kd8 31. Qxh7 Ke7 32. h4 a5 33.
Qc2 Kd6 34. h5 Qd4 35. h6 Qc3 36. Qxc3 bxc3 37. Be4 f5 38. h7 1-0

[Event "SV Mülheim-Nord 2 - Klub Kölner SF 1"]
[Site "Oberliga NRW 2012/2013"]
[Date "2012.10.21"]
[Round "2.3"]
[White "Raasch, Joerg"]
[Black "Zwirs, Nico"]
[Result "1/2-1/2"]
[WhiteElo "2238"]
[BlackElo "2242"]
[PlyCount "81"]
[EventDate "2012.??.??"]
[WhiteTeam "Klub Kölner SF 1"]
[BlackTeam "SV Mülheim-Nord 2"]

1. d4 Nf6 2. Nf3 g6 3. g3 Bg7 4. Bg2 O-O 5. O-O d6 6. Nbd2 Nbd7 7. e4 e5 8. c3
a6 9. Re1 b5 10. b3 Re8 11. Bb2 Bb7 12. Qc2 c5 13. d5 Nh5 14. a4 Qc7 15. Bf1
Qb6 16. Ra2 Bf8 17. Rea1 b4 18. Re1 Ng7 19. Nc4 Qd8 20. Ne3 Be7 21. Bh3 Rf8 22.
Qd3 Bc8 23. Raa1 bxc3 24. Bxc3 Nf6 25. Bxc8 Qxc8 26. Nd2 Nfh5 27. Qe2 Qh3 28.
Qf1 Qd7 29. Qe2 Qe8 30. b4 cxb4 31. Bxb4 f5 32. exf5 gxf5 33. Nec4 Rd8 34. f4
e4 35. Bc3 Qg6 36. Kh1 Bf6 37. Rac1 Qh6 38. Kg1 Qg6 39. Kh1 Qh6 40. Kg1 Qg6 41.
Kh1 1/2-1/2

[Event "SV Mülheim-Nord 2 - Klub Kölner SF 1"]
[Site "Oberliga NRW 2012/2013"]
[Date "2012.10.21"]
[Round "2.4"]
[White "Nachbar, Benjamin"]
[Black "Huhndorf, Arnold"]
[Result "1/2-1/2"]
[WhiteElo "2137"]
[BlackElo "2257"]
[Annotator "Doe,John"]
[PlyCount "108"]
[EventDate "2012.??.??"]
[WhiteTeam "SV Mülheim-Nord 2"]
[BlackTeam "Klub Kölner SF 1"]

1. d4 Nf6 2. Nf3 e6 3. c4 c5 4. d5 exd5 5. cxd5 d6 6. Nc3 g6 7. Bf4 a6 8. e4 b5
9. Bd3 Bg7 10. h3 O-O 11. O-O Bb7 12. a3 Re8 13. Re1 Qb6 14. Rc1 c4 15. Bb1
Nbd7 16. b4 cxb3 17. Qxb3 Nc5 18. Qb4 Nfd7 19. a4 Bxc3 20. Qxc3 b4 21. Qd4 f6
22. a5 Qxa5 23. Rc4 Ne5 24. Rxb4 Qd8 25. Bc2 $11 a5 26. Rb2 Ba6 27. Bxe5 fxe5
28. Qe3 Qc7 29. Ra1 Rf8 30. Nd2 a4 31. Qc3 Qa7 32. Qe3 Rfb8 33. Rxb8+ Qxb8 34.
Qc3 Be2 35. Nb1 Qb5 36. Na3 Qa6 37. Rb1 Rc8 38. Qb4 Bd3 39. Bxd3 Qxd3 40. Re1
Qb3 41. Rb1 Qd3 42. Re1 Qa6 43. Rb1 Qe2 44. f3 Nd3 45. Qb7 Qe3+ 46. Kh2 Qf4+
47. Kg1 Rc1+ 48. Rxc1 Qxc1+ 49. Kh2 Qxa3 50. Qe7 Nf4 51. Qe8+ Kg7 52. Qe7+ Kg8
53. Qe8+ Kg7 54. Qe7+ Kg8 1/2-1/2

[Event "SV Mülheim-Nord 2 - Klub Kölner SF 1"]
[Site "Oberliga NRW 2012/2013"]
[Date "2012.10.21"]
[Round "2.5"]
[White "Bonnmann, Reinhard"]
[Black "Bus, Tomas"]
[Result "1-0"]
[WhiteElo "2210"]
[BlackElo "2102"]
[Annotator "Doe,John"]
[PlyCount "109"]
[EventDate "2012.??.??"]
[WhiteTeam "Klub Kölner SF 1"]
[BlackTeam "SV Mülheim-Nord 2"]

1. d4 Nf6 2. Nf3 c5 3. c4 cxd4 4. Nxd4 e5 5. Nb5 d5 6. cxd5 Bc5 7. e3 O-O 8.
N5c3 e4 9. a3 a5 10. b3 Qe7 11. Ra2 Rd8 12. Rd2 Na6 13. Nb5 Bg4 14. Be2 Bxe2
15. Qxe2 Rxd5 16. Rxd5 Nxd5 17. O-O Qe6 18. Rd1 Rc8 19. Bb2 Bf8 20. Qd2 Nf6 21.
Nd4 Qb6 22. Nc3 Nc5 23. Na4 Nxa4 24. bxa4 Rc4 25. Rc1 Rxc1+ 26. Qxc1 Ng4 27.
Nb5 Qe6 28. h3 Ne5 29. Qc2 Nd3 30. Bd4 Qg6 31. Qc3 Qe6 32. Qc2 Qg6 33. Qc3 h5
34. Qxa5 Qe6 35. Qd2 Qb3 36. Nc3 f5 37. Qe2 g6 38. g4 hxg4 39. hxg4 Qxa3 40.
gxf5 Qa1+ $11 41. Nd1 Qxa4 42. Qg4 Bg7 43. Qxg6 Qxd1+ 44. Kh2 Kf8 45. Qxg7+ Ke8
46. Qg8+ Ke7 47. Qe6+ Kf8 48. Qc8+ Kf7 49. Qxb7+ Ke8 50. Qc8+ Ke7 51. Qe6+ Kf8
52. Qc8+ Kf7 53. Qd7+ Kf8 54. Bc5+ Kg8 55. Qe8+ 1-0

[Event "SV Mülheim-Nord 2 - Klub Kölner SF 1"]
[Site "Oberliga NRW 2012/2013"]
[Date "2012.10.21"]
[Round "2.6"]
[White "Winkels, Marcel"]
[Black "Wisskirchen, Andreas"]
[Result "1/2-1/2"]
[WhiteElo "1982"]
[BlackElo "2205"]
[PlyCount "33"]
[EventDate "2012.??.??"]
[WhiteTeam "SV Mülheim-Nord 2"]
[BlackTeam "Klub Kölner SF 1"]

1. e4 c5 2. Nc3 Nc6 3. f4 g6 4. Nf3 Bg7 5. Bb5 Nd4 6. O-O Nxb5 7. Nxb5 d6 8. d3
Bd7 9. Nc3 Nh6 10. Qe1 f6 11. Qh4 Nf7 12. Bd2 O-O 13. Nd5 e6 14. Ne3 f5 15.
Qxd8 Raxd8 16. exf5 gxf5 17. Bc3 1/2-1/2

[Event "SV Mülheim-Nord 2 - Klub Kölner SF 1"]
[Site "Oberliga NRW 2012/2013"]
[Date "2012.10.21"]
[Round "2.7"]
[White "Pragua, Christoph"]
[Black "Krueger, Andre"]
[Result "1-0"]
[WhiteElo "2053"]
[BlackElo "2106"]
[Annotator "Doe,John"]
[PlyCount "119"]
[EventDate "2012.??.??"]
[WhiteTeam "Klub Kölner SF 1"]
[BlackTeam "SV Mülheim-Nord 2"]

1. d4 d5 2. Nf3 Nf6 3. c4 c6 4. Nc3 dxc4 5. a4 Bf5 6. Ne5 Nbd7 7. Nxc4 Qc7 8.
g3 e5 9. dxe5 Nxe5 10. Bf4 Nfd7 11. Bg2 f6 12. O-O Be6 13. Nxe5 fxe5 14. Bg5 h6
15. Be3 Bc5 16. Bxc5 Nxc5 17. b4 Nb3 18. Ra3 Rd8 19. Qc2 Nd4 20. Qg6+ Qf7 21.
Qb1 O-O 22. f4 Qc7 23. e3 Nf5 24. Ne4 Bd5 25. Rc3 Qb6 26. a5 Qc7 27. Rd1 Qe7
28. Re1 Nd6 29. Nxd6 $11 Bxg2 30. Nc4 Bh3 31. Nxe5 Rf5 32. a6 Rxe5 33. fxe5
Qxe5 34. Rc5 Qf6 35. Qa2+ Kh8 36. Qf2 Qe7 $11 37. axb7 Qxb7 38. Rh5 Qd7 39. e4
Kg8 40. e5 Rf8 41. Qe3 Qe6 42. Rh4 Bg4 43. Qd4 h5 44. Qd2 Qf5 45. h3 Qf3 46.
Qe3 Qxe3+ 47. Rxe3 g5 $11 48. hxg4 gxh4 49. gxh5 Rf5 50. Kg2 Rxh5 51. g4 h3+
52. Kh2 Rh4 53. Rxh3 Rxg4 54. Rg3 Rxg3 55. Kxg3 Kf7 56. Kf4 c5 57. bxc5 a5 58.
Ke4 Ke6 59. c6 a4 60. Kd4 1-0

[Event "SV Mülheim-Nord 2 - Klub Kölner SF 1"]
[Site "Oberliga NRW 2012/2013"]
[Date "2012.10.21"]
[Round "2.8"]
[White "Kuipers, Dustin"]
[Black "Graf, Peter"]
[Result "0-1"]
[WhiteElo "2013"]
[BlackElo "1988"]
[PlyCount "70"]
[EventDate "2012.??.??"]
[WhiteTeam "SV Mülheim-Nord 2"]
[BlackTeam "Klub Kölner SF 1"]

1. e4 e5 2. Nf3 Nc6 3. Bb5 a6 4. Ba4 Nf6 5. O-O Be7 6. Re1 b5 7. Bb3 O-O 8. c3
d5 9. exd5 Nxd5 10. d4 exd4 11. Nxd4 Nxd4 12. Qxd4 Be6 13. Nd2 c5 14. Qe4 Nf6
15. Qe2 c4 16. Bc2 Re8 17. Ne4 Bf5 18. Nxf6+ Bxf6 19. Be3 Bd3 20. Bxd3 cxd3 21.
Qd2 Qd5 22. Red1 Rad8 23. h3 Re6 24. a4 h6 25. axb5 axb5 26. Ra5 Be5 27. Bd4
Bxd4 28. cxd4 Qxd4 29. Qc3 Qb6 30. Raa1 Re2 31. Rf1 b4 32. Qb3 Qd4 33. Rab1 Rc8
34. Rbd1 d2 35. Ra1 Rxf2 0-1

[Event "PSV Duisburg 1 - SF Katernberg 2"]
[Site "Oberliga NRW 2012/2013"]
[Date "2012.10.21"]
[Round "2.1"]
[White "Kotainy, Jens"]
[Black "Fleck, Juergen"]
[Result "1/2-1/2"]
[WhiteElo "2405"]
[BlackElo "2339"]
[PlyCount "42"]
[EventDate "2012.??.??"]
[WhiteTeam "SF Katernberg 2"]
[BlackTeam "PSV Duisburg 1"]

1. e4 e5 2. Nf3 Nc6 3. Bc4 Bc5 4. O-O Nf6 5. d4 Bxd4 6. Nxd4 Nxd4 7. f4 d6 8.
fxe5 dxe5 9. Bg5 Qe7 10. c3 Ne6 11. Bxf6 Qc5+ 12. Rf2 Qxc4 13. Bxe5 Bd7 14. Qd5
Qc6 15. Nd2 f6 16. Bg3 O-O-O 17. Nb3 Rhe8 18. Qa5 Qa4 19. Qxa4 Bxa4 20. e5 fxe5
21. Bxe5 Rf8 1/2-1/2

[Event "PSV Duisburg 1 - SF Katernberg 2"]
[Site "Oberliga NRW 2012/2013"]
[Date "2012.10.21"]
[Round "2.2"]
[White "Kistella, Roman"]
[Black "Rosen, Bernd"]
[Result "1/2-1/2"]
[WhiteElo "2253"]
[BlackElo "2255"]
[PlyCount "94"]
[EventDate "2012.??.??"]
[WhiteTeam "PSV Duisburg 1"]
[BlackTeam "SF Katernberg 2"]

1. d4 Nf6 2. c4 c5 3. d5 e5 4. Nc3 d6 5. e4 Nbd7 6. g3 g6 7. Bh3 a6 8. a4 b6 9.
Nf3 Bg7 10. Qe2 O-O 11. Bg5 h6 12. Bd2 Ne8 13. Nh4 Nc7 14. O-O Nf6 15. Bxc8
Rxc8 16. f3 Kh7 17. Rfb1 Nd7 18. Kh1 Qe7 19. Be1 Rb8 20. Bf2 Bf6 21. Ng2 h5 22.
b4 Bg5 23. Ra2 cxb4 24. Rxb4 a5 25. Rb1 Na6 26. Rab2 Nb4 27. Na2 Nxa2 28. Rxa2
Nc5 29. Qc2 Qc7 30. Rab2 Rfc8 31. Be3 Bxe3 32. Nxe3 Na6 33. g4 Nb4 34. Qd2 h4
35. g5 Qe7 36. Rg1 f6 37. Ng4 fxg5 38. Nf2 Rxc4 39. Nh3 Rbc8 40. Nxg5+ Kh8 41.
Qf2 Nd3 42. Qxh4+ Kg8 43. Rxb6 Rc1 44. Rb1 R1c2 45. Rbf1 Nf4 46. Rf2 Rc1 47.
Rff1 R1c2 1/2-1/2

[Event "PSV Duisburg 1 - SF Katernberg 2"]
[Site "Oberliga NRW 2012/2013"]
[Date "2012.10.21"]
[Round "2.3"]
[White "Hoolt, Sarah"]
[Black "Schmitz, Joachim"]
[Result "1-0"]
[WhiteElo "2244"]
[BlackElo "2234"]
[PlyCount "59"]
[EventDate "2012.??.??"]
[WhiteTeam "SF Katernberg 2"]
[BlackTeam "PSV Duisburg 1"]

1. e4 c5 2. Nf3 Nc6 3. Bb5 d6 4. O-O Bd7 5. Re1 Nf6 6. h3 Ne5 7. Bf1 Nxf3+ 8.
Qxf3 Bc6 9. c3 g6 10. d4 cxd4 11. cxd4 d5 12. e5 Ne4 13. Nc3 Bg7 14. Bf4 O-O
15. Rac1 Qd7 16. Qe3 Nxc3 17. Rxc3 Rac8 18. h4 a6 19. h5 Rfe8 20. Qg3 e6 21.
Qh4 Bb5 22. Rh3 Bf8 23. Bxb5 axb5 24. Ree3 Rc4 25. Reg3 Rec8 26. Be3 b4 27.
hxg6 fxg6 28. Rxg6+ hxg6 29. Qh8+ Kf7 30. Rf3+ 1-0